<?xml version="1.0" encoding="UTF-8"?>
<record
    xmlns:xsi="http://www.w3.org/2001/XMLSchema-instance"
    xsi:schemaLocation="http://www.loc.gov/MARC21/slim http://www.loc.gov/standards/marcxml/schema/MARC21slim.xsd"
    xmlns="http://www.loc.gov/MARC21/slim">

  <leader>00461nam a2200097Ia 4500</leader>
  <controlfield tag="008">180130s9999    xx            000 0 und d</controlfield>
  <datafield tag="245" ind1=" " ind2=" ">
    <subfield code="c">Yuan, Yazhou; Chen, Cailian; Guan, Xinping; Yang, Qiuling</subfield>
    <subfield code="a">An energy-efficient underground localization system based on heterogenous wireless networks</subfield>
  </datafield>
  <datafield tag="260" ind1=" " ind2=" ">
    <subfield code="c">2016</subfield>
  </datafield>
  <datafield tag="300" ind1=" " ind2=" ">
    <subfield code="a">Book title: Wireless sensor networks : from theory to applications--Acession number C20745; pages 154-172</subfield>
  </datafield>
  <datafield tag="650" ind1=" " ind2=" ">
    <subfield code="a">WIRELESS SENSOR NETWORKS</subfield>
  </datafield>
  <datafield tag="999" ind1=" " ind2=" ">
    <subfield code="c">354001</subfield>
    <subfield code="d">354001</subfield>
  </datafield>
  <datafield tag="952" ind1=" " ind2=" ">
    <subfield code="0">0</subfield>
    <subfield code="1">0</subfield>
    <subfield code="4">0</subfield>
    <subfield code="a">CL</subfield>
    <subfield code="b">CL</subfield>
    <subfield code="d">2018-01-30</subfield>
    <subfield code="l">0</subfield>
    <subfield code="r">2018-01-30 00:00:00</subfield>
    <subfield code="w">2018-01-30</subfield>
    <subfield code="y">BC</subfield>
  </datafield>
</record>
